Особенности разрушения деталей из свинцовосодержащих бронз; Горный информационно-аналитический бюллетень; № S4 (1)

Bibliografiske detaljer
Parent link:Горный информационно-аналитический бюллетень: научно-технический журнал.— , 1992-
№ S4 (1).— 2013.— [С. 538-542]
Hovedforfatter: Мартюшев Н. В. Никита Владимирович
Institution som forfatter: Национальный исследовательский Томский политехнический университет (ТПУ) Институт физики высоких технологий (ИФВТ) Кафедра материаловедения и технологии металлов (МТМ)
Summary:Заглавие с экрана
Рассмотрен механизм разрушения свинцовосодержащих бронз. В качестве материала для исследований взята бинарная свинцовистая бронза с 10 % свинца. Исследования показали, что формирование сферической формы свинцовых включений происходит при низких скоростях охлаждения и дает рост прочностных свойств. Высокие же скорости охлаждения при кристаллизации приводят к формированию свинцовых включений с острыми неровными краями и снижению прочностных свойств.
Режим доступа: по договору с организацией-держателем ресурса
Sprog:russisk
Udgivet: 2013
Fag:
Online adgang:http://elibrary.ru/item.asp?id=21450193
Format: MixedMaterials Electronisk Book Chapter
KOHA link:https://koha.lib.tpu.ru/cgi-bin/koha/opac-detail.pl?biblionumber=638605

MARC

LEADER 00000naa0a2200000 4500
001 638605
005 20250206104123.0
035 |a (RuTPU)RU\TPU\network\2996 
090 |a 638605 
100 |a 20150205d2013 k||y0rusy50 ca 
101 0 |a rus 
102 |a RU 
135 |a drcn ---uucaa 
181 0 |a i  
182 0 |a b 
200 1 |a Особенности разрушения деталей из свинцовосодержащих бронз  |f Н. В. Мартюшев 
203 |a Текст  |c электронный 
300 |a Заглавие с экрана 
320 |a [Библиогр.: с. 542 (6 назв.)] 
330 |a Рассмотрен механизм разрушения свинцовосодержащих бронз. В качестве материала для исследований взята бинарная свинцовистая бронза с 10 % свинца. Исследования показали, что формирование сферической формы свинцовых включений происходит при низких скоростях охлаждения и дает рост прочностных свойств. Высокие же скорости охлаждения при кристаллизации приводят к формированию свинцовых включений с острыми неровными краями и снижению прочностных свойств. 
333 |a Режим доступа: по договору с организацией-держателем ресурса 
337 |a Adobe Reader 
461 |t Горный информационно-аналитический бюллетень  |o научно-технический журнал  |d 1992- 
463 |t № S4 (1)  |v [С. 538-542]  |d 2013 
610 1 |a электронный ресурс 
610 1 |a труды учёных ТПУ 
610 1 |a бронза 
610 1 |a свинец 
610 1 |a кристаллизация 
610 1 |a охлаждение 
610 1 |a предел прочности 
700 1 |a Мартюшев  |b Н. В.  |c специалист в области материаловедения  |c доцент Томского политехнического университета, кандидат технических наук  |f 1981-  |g Никита Владимирович  |3 (RuTPU)RU\TPU\pers\26537  |9 12231 
712 0 2 |a Национальный исследовательский Томский политехнический университет (ТПУ)  |b Институт физики высоких технологий (ИФВТ)  |b Кафедра материаловедения и технологии металлов (МТМ)  |3 (RuTPU)RU\TPU\col\18689 
801 2 |a RU  |b 63413507  |c 20150205  |g RCR 
856 4 |u http://elibrary.ru/item.asp?id=21450193 
942 |c CF